| 000 | 00506cam a22001217a 4500 | ||
|---|---|---|---|
| 008 | 180718b1962-67 xxu||||| |||| 00| 0 eng d | ||
| 082 | _aA99 G561 | ||
| 100 | _aGokhale, Gopal Krishna | ||
| 245 |
_aSpeeches and writings of _cby G.K. Gokhale |
||
| 260 |
_aBombay _bAsia _c1962-67 |
||
| 300 | _a-v- | ||
| 500 | _aContents: v.1: Economic. Edited by R.P. Patwardhan and D.V. Ambekar, 1962; v.2: Political. Edited by D.G. Karve and D.V. Ambekar, 1966; v.3: Educational. Edited by D.G. Karve and D.V. Ambekar, 1966 | ||
| 999 |
_c366655 _d366655 |
||